Psychological, Environmental and Socio-economic Determinants of School Students Health Status

Psychologické determinanty, determinanty životného prostredia a socio-ekonomické determinanty zdravotného stavu školskej mládeže. Psychické zdravie školskej mládeže, výživa, prevencia chorôb.

Gespeichert in:
Bibliographische Detailangaben
1. Verfasser: Wyka, Joanna
Weitere Verfasser: Bronkowska, Monika, Habánová, Marta, Jarossová, Malgorzata Agnieszka, 1978-
Format: Buchkapitel
Sprache:Englisch
Schlagworte:
Tags: Tag hinzufügen
Keine Tags, Fügen Sie das erste Tag hinzu!

MARC

LEADER 00000nla a2200000 4500
001 0222367
005 20240502083551.8
041 0 |a eng 
044 |a PL 
245 1 0 |a Psychological, Environmental and Socio-economic Determinants of School Students Health Status  |c Joanna Wyka, Monika Bronkowska, Marta Habánová, Malgorzata A. Jarossová 
520 |a Psychologické determinanty, determinanty životného prostredia a socio-ekonomické determinanty zdravotného stavu školskej mládeže. Psychické zdravie školskej mládeže, výživa, prevencia chorôb. 
610 2 0 |a mládež 
610 2 0 |a psychológia 
610 2 0 |a sebahodnotenie 
610 2 0 |a sebapoznanie 
610 2 0 |a sebarealizácia 
610 2 0 |a prostredie životné 
610 2 0 |a školy stredné 
610 2 0 |a školy základné 
610 2 0 |a zdravie 
100 1 |a Wyka, Joanna 
700 1 |a Bronkowska, Monika 
700 1 |a Habánová, Marta 
700 1 |a Jarossová, Malgorzata Agnieszka, 1978-